000 00472nam a2200181 a 4500
005 20140412111301.0
008 001115s19uu xx 00 eng d
020 _a0-749611162
050 _aM 635.9
_bPl733 1993
100 _aPluckrose, Henry
245 _aFlowers /
_cHenry Pluckrose.
260 _aLondon :
_bWatts Book,
_c1993.
300 _a1 v. (unp.) ; ill.
440 _aWalkabout Series
650 _aFlower gardening
650 _aFlowers
999 _c103385
_d103385